logo

Bir Sreshtho Munshi Abdur Rouf Library
Jhenaidah Cadet College

Basic Book of Planting & Gradening / (Record no. 5591)

MARC details
000 -LEADER
fixed length control field 00560nam a2200217 a 4500
001 - CONTROL NUMBER
JCCL Control Number 5591
003 - CONTROL NUMBER IDENTIFIER
JCCL marc code BD-JhCC
005 - DATE AND TIME OF LATEST TRANSACTION
control field 20171218180517.0
008 - FIXED-LENGTH DATA ELEMENTS--GENERAL INFORMATION
fixed length control field 171218s1980 bg a|||| || | 001 0 eng d
035 ## - SYSTEM CONTROL NUMBER
system control number (BD-JhCC)5591
040 ## - CATALOGING SOURCE
Original cataloging agency BD-JhCC
Modifying agency BD-JhCC
041 ## - LANGUAGE CODE
Language code of Book eng
082 ## - DEWEY DECIMAL CLASSIFICATION NUMBER
Classification number 635
Author mark and Year MAN 1980
100 ## - MAIN ENTRY--PERSONAL NAME
Personal name Maniruzzaman, F. M.
245 ## - TITLE STATEMENT
Title Basic Book of Planting & Gradening /
Statement of responsibility, etc F. M. Maniruzzaman,
260 ## - PUBLICATION, DISTRIBUTION, ETC. (IMPRINT)
Place of publication, distribution, etc Dacca :
Name of publisher, distributor, etc F. M. Fazlul Hoque
300 ## - PHYSICAL DESCRIPTION
Pagination 272 p. :
Dimensions 22 cm.
650 ## - SUBJECT ADDED ENTRY--TOPICAL TERM
Topical term or geographic name as entry element Planting and Gardening
942 ## - ADDED ENTRY ELEMENTS (KOHA)
Source of classification or shelving scheme Dewey Decimal Classification
Koha item type Books
Holdings
Source of classification or shelving scheme Damaged status Not for loan Home library Current library Shelving location Date of accession Cost, normal purchase price Total Checkouts Full call number Barcode Date last seen Copy number Koha item type
Dewey Decimal Classification     JCC Rouf Library JCC Rouf Library General Stacks 12/18/2017 40.00   635 MAN 1980 7873 12/18/2017 C - 1 Books
Dewey Decimal Classification     JCC Rouf Library JCC Rouf Library General Stacks 12/18/2017 40.00   635 MAN 1980 7869 12/18/2017 C - 2 Books

JCC Library | Contacts | JCC Home

Last Update on 23 September 2017
Copyright @ 2017-2020 JCC Rouf Library
Rouf Library, Jhenidah Cadet College (JCC), Bangladesh